| 000 | 00773nam a2200253Ia 4500 | ||
|---|---|---|---|
| 001 | Z_2942 | ||
| 003 | CHAP | ||
| 008 | 220113s1999 xx 000 0 und d | ||
| 010 | _a166025 | ||
| 040 | _cCHAP | ||
| 082 | _a636.39 R4 | ||
| 100 |
_aReunión Nacional sobre Caprinocultura (14 : 1999 : Montecillo, Méx.) _9140068 |
||
| 245 |
_aMemorias / _cpor Colegio de Postgraduados |
||
| 260 |
_aMontecillo, Méx. : _bEl Colegio, _c1999 |
||
| 300 |
_a237 p. : _bilus. ; cuadros ; gráfs. |
||
| 650 |
_aGanado cabrío _xCongresos I. Colegio de Postgraduados II. Asociación Mexicana de Producción Caprina _9140069 |
||
| 650 |
_aGanado cabrío _xgenética _945013 |
||
| 901 | _a636.39 R4 | ||
| 902 | _aM | ||
| 910 | _a1999 | ||
| 942 | _c1 | ||
| 942 | _cc1 | ||
| 999 |
_c166025 _d166025 |
||